ORGANIC PHARMACEUTICAL AND MEDICINAL CHEMISTRY (VOL- III) (Record no. 6091)

MARC details
000 -LEADER
fixed length control field 00475nam a22001697a 4500
005 - DATE AND TIME OF LATEST TRANSACTION
control field 20240110112714.0
008 - FIXED-LENGTH DATA ELEMENTS--GENERAL INFORMATION
fixed length control field 200314b xxu||||| |||| 00| 0 eng d
020 ## - INTERNATIONAL STANDARD BOOK NUMBER
ISBN 9788123322225
041 ## - LANGUAGE CODE
Language code of text/sound track or separate title eng
100 ## - MAIN ENTRY--AUTHOR NAME
Personal name QADRY, J.S. AND QADRY,S.S
245 ## - TITLE STATEMENT
Title ORGANIC PHARMACEUTICAL AND MEDICINAL CHEMISTRY (VOL- III)
250 ## - EDITION STATEMENT
Edition statement 4th, Ed. 2012
260 ## - PUBLICATION, DISTRIBUTION, ETC. (IMPRINT)
Name of publisher CBS PUBLISHERS AND DISTRIBUTERS
Year of publication 2019
300 ## - PHYSICAL DESCRIPTION
Number of Pages 362,p; xviii
650 ## - SUBJECT ADDED ENTRY--TOPICAL TERM
Topical Term PHARMACY
General subdivision B.PHARMA
942 ## - ADDED ENTRY ELEMENTS (KOHA)
Koha item type Books
Holdings
Lost status Damaged status Collection code Home library Current library Shelving location Date acquired Source of acquisition Cost, normal purchase price Accession Number Koha item type
    PHARMACY JRU Library JRU Library SHELF-17-D 14/03/2020 PURCHESS 395.00 23816 Books